[Event "Avicenna op 15th"]
[Site "Hamedan"]
[Date "2018.08.17"]
[Round "1"]
[White "Akhgari, Reza"]
[Black "Czebe, Attila"]
[Result "0-1"]
[WhiteElo "2195"]
[BlackElo "2411"]
[PlyCount "85"]
[EventDate "2018.08.17"]
[EventType "swiss"]
[EventRounds "9"]
[EventCountry "IRI"]
[SourceTitle "CBM 186 Extra"]
[Source "ChessBase"]
[SourceDate "2018.08.24"]
[SourceVersion "1"]
[SourceVersionDate "2018.08.24"]
[SourceQuality "1"]

1. d4 d6 2. e4 g6 3. Be3 Nd7 4. Nf3 Ngf6 5. Nbd2 Bg7 6. h3 0-0 7. Bc4 c5 8. c3 cxd4 9. cxd4 d5 10. exd5 Nb6 11. Bb3 Nbxd5 12. 0-0 Nxe3 13. fxe3 b6 14. Ne5 Bb7 15. Ndf3 Bd5 16. Rc1 Bh6 17. Re1 Rc8 18. Rxc8 Qxc8 19. Bxd5 Nxd5 20. e4 Nb4 21. Qb3 Nc6 22. Rf1 Bf4 23. Nxc6 Qxc6 24. g3 Bb8 25. d5 Qd7 26. Kg2 e6 27. dxe6 fxe6 28. a4 Qd6 29. e5 Qc6 30. Qb5 Qxb5 31. axb5 Rd8 32. Rc1 Kf7 33. Ng5+ Ke7 34. Rc6 Rd2+ 35. Kf3 Rxb2 36. Rxe6+ Kd7 37. Rf6 Bxe5 38. Rf7+ Kd6 39. Rxa7 Rb3+ 40. Ke2 h6 41. Nf7+ Ke6 42. Nxe5 Kxe5 43. Re7+ 0-1

[Event "Asian Schools U17 12th"]
[Site "Tehran"]
[Date "2016.07.15"]
[Round "8"]
[White "Rastbod, Ali"]
[Black "Akhgari, Reza"]
[Result "1-0"]
[WhiteElo "2257"]
[BlackElo "2122"]
[PlyCount "63"]
[EventDate "2016.07.11"]
[EventType "swiss"]
[EventRounds "9"]
[EventCountry "IRI"]
[SourceTitle "EXT 2017"]
[Source "ChessBase"]
[SourceDate "2016.10.25"]
[SourceVersion "1"]
[SourceVersionDate "2016.10.25"]
[SourceQuality "1"]

1. d4 d5 2. Nf3 Nf6 3. c4 e6 4. e3 Be7 5. Bd3 0-0 6. 0-0 dxc4 7. Bxc4 b6 8. Nc3 Bb7 9. Qe2 c5 10. Rd1 Nbd7 11. b3 Qc7 12. Bb2 Rad8 13. a4 Qb8 14. Ba6 Ne4 15. Rac1 Nxc3 16. Bxc3 Bf6 17. b4 cxd4 18. Nxd4 Qa8 19. Bxb7 Qxb7 20. Nc6 Rc8 21. b5 Kh8 22. Bxf6 Nxf6 23. Rd4 h6 24. Rcd1 Rxc6 25. bxc6 Qxc6 26. Qc4 Qb7 27. Rd8 Rxd8 28. Rxd8+ Kh7 29. Qc2+ g6 30. Qc8 Qxc8 31. Rxc8 Nd5 32. e4 1-0

[Event "Asian Schools U17 12th"]
[Site "Tehran"]
[Date "2016.07.13"]
[Round "5"]
[White "Molaei, Mohammadamin"]
[Black "Akhgari, Reza"]
[Result "1/2-1/2"]
[WhiteElo "2151"]
[BlackElo "2122"]
[PlyCount "139"]
[EventDate "2016.07.11"]
[EventType "swiss"]
[EventRounds "9"]
[EventCountry "IRI"]
[SourceTitle "EXT 2017"]
[Source "ChessBase"]
[SourceDate "2016.10.25"]
[SourceVersion "1"]
[SourceVersionDate "2016.10.25"]
[SourceQuality "1"]

1. d4 d5 2. c4 e6 3. Nf3 Nf6 4. g3 Be7 5. Bg2 0-0 6. 0-0 c6 7. Qc2 Nbd7 8. Nbd2 b6 9. e4 Bb7 10. e5 Ne8 11. cxd5 cxd5 12. Rd1 Rc8 13. Qb3 Qc7 14. Ne1 Ba6 15. Qf3 f6 16. exf6 Rxf6 17. Qe3 Nd6 18. Nef3 Nf8 19. Nf1 Nf5 20. Qe1 Bd6 21. Ne3 Nxe3 22. Bxe3 h6 23. Rdc1 Qb8 24. Rxc8 Bxc8 25. Rc1 Rf7 26. Qd1 Rc7 27. Bf1 Rxc1 28. Qxc1 Qc7 29. Qxc7 Bxc7 30. Bd3 Nd7 31. b4 Kf7 32. Kf1 a5 33. b5 Ke7 34. h4 Nf6 35. Ke2 Bd7 36. Ne5 Be8 37. Bf4 Nh5 38. Nc6+ Kd7 39. Bxc7 Kxc7 40. Ne5 Kd6 41. a4 Nf6 42. g4 Nd7 43. Nxd7 Kxd7 44. h5 Ke7 45. Ke3 Kf6 46. Kf4 Bf7 47. Bb1 Be8 48. f3 Bf7 49. Bg6 Bg8 50. Bb1 Bf7 51. Bh7 Be8 52. Bg6 Bd7 53. Kg3 e5 54. dxe5+ Kxe5 55. f4+ Kf6 56. Kh4 d4 57. g5+ Ke7 58. Kg3 Be6 59. Bc2 d3 60. Bd1 Ba2 61. Kf2 Bb1 62. Ke1 Ke6 63. Bg4+ Kd5 64. Kd2 hxg5 65. fxg5 Ke5 66. h6 gxh6 67. gxh6 Kf6 68. Bf5 Bc2 69. Bxd3 Bxa4 70. h7 1/2-1/2

[Event "Asian Schools-ch U17 12th Rapid"]
[Site "Tehran"]
[Date "2016.07.10"]
[Round "5.2"]
[White "Akhgari, Reza"]
[Black "Tahbaz, Arash"]
[Result "0-1"]
[WhiteElo "1939"]
[BlackElo "2138"]
[PlyCount "64"]
[EventDate "2016.07.10"]
[EventType "swiss"]
[EventRounds "7"]
[EventCountry "IRI"]
[SourceTitle "EXT 2024"]
[Source "ChessBase"]
[SourceDate "2023.10.10"]
[SourceVersion "1"]
[SourceVersionDate "2023.10.10"]
[SourceQuality "1"]

1. d4 Nf6 2. c4 g6 3. Nc3 Bg7 4. e4 d6 5. f3 0-0 6. Be3 Nc6 7. Qd2 a6 8. Nge2 Na5 9. Nc1 Nd7 10. Be2 c5 11. d5 Ne5 12. b3 Rb8 13. Rb1 Bd7 14. 0-0 b5 15. f4 Ng4 16. Bxg4 Bxg4 17. cxb5 Bc8 18. b6 Rxb6 19. Nd3 Bd7 20. Nb2 Rb4 21. e5 dxe5 22. Bxc5 Rxf4 23. Rxf4 exf4 24. Nd3 Nb7 25. Bf2 Bf5 26. Re1 Qa5 27. b4 Qa3 28. Ne5 Qxb4 29. Bd4 Rc8 30. Kh1 Na5 31. Rf1 Nc4 32. Nxc4 Qxc4 0-1